Gilderoy Lockhart Books (Harry Potter) Quiz Stats

 Plays Quiz Updated Jun 27, 2014

Support Sporcle.
Go Orange.
Score 0/9 Timer 03:00
0 Plays Today
% Correct
Magical Me
75%
Gadding with Ghouls
54.5%
Year with the Yeti
47.4%
Voyages with Vampires
45.2%
Travels with Trolls
43.2%
Break with a Banshee
39.9%
Wanderings with Werewolves
37%
Holidays with Hags
36.6%
Gilderoy Lockhart's Guide to Household Pests
25.7%

You're not logged in!

Compare scores with friends on all Sporcle quizzes.
OR
Log In

From the Vault

Marvel Characters in Other Words

by NJSB

Most superheroes have a name in common with something really cool...others, not so much.
Remove Ads.
Support Sporcle.
Get the best of Sporcle when you Go Orange. This ad-free experience offers more features, more stats, and more fun while also helping to support Sporcle. Thank you for becoming a member.

Show Comments

Extras

Top Quizzes Today


Score Distribution

Your Account Isn't Verified!

In order to create a playlist on Sporcle, you need to verify the email address you used during registration. Go to your Sporcle Settings to finish the process.

Report this User

Report this user for behavior that violates our Community Guidelines.

Details: